Library Logo

Pioneer International University Library Catalogue

Be true to your school : (Record no. 9240)

MARC details
000 -LEADER
fixed length control field 00788cam a2200265 a 4500
001 - CONTROL NUMBER
control field 1462280
003 - CONTROL NUMBER IDENTIFIER
control field OSt
005 - DATE AND TIME OF LATEST TRANSACTION
control field 20250901165803.0
008 - FIXED-LENGTH DATA ELEMENTS--GENERAL INFORMATION
fixed length control field 860929s1987 nyu 000 0aeng
010 ## - LIBRARY OF CONGRESS CONTROL NUMBER
LC control number 86026594
020 ## - INTERNATIONAL STANDARD BOOK NUMBER
International Standard Book Number 0689116128 :
Terms of availability $18.95
040 ## - CATALOGING SOURCE
Original cataloging agency DLC
Transcribing agency DLC
Modifying agency DLC
050 00 - LIBRARY OF CONGRESS CALL NUMBER
Classification number PN 4874 .G679 A3 1987
Item number A3 1987
082 00 - DEWEY DECIMAL CLASSIFICATION NUMBER
Classification number 973.923/092/4
-- B
Edition information 19
100 1# - MAIN ENTRY--PERSONAL NAME
Personal name Greene, Bob.
245 10 - TITLE STATEMENT
Title Be true to your school :
Remainder of title a diary of 1964 /
Statement of responsibility, etc. Bob Greene.
250 ## - EDITION STATEMENT
Edition statement 1st ed.
260 ## - PUBLICATION, DISTRIBUTION, ETC.
Place of publication, distribution, etc. New York :
Name of publisher, distributor, etc. Atheneum,
Date of publication, distribution, etc. 1987.
300 ## - PHYSICAL DESCRIPTION
Extent ix, 331 p. ;
Dimensions 25 cm.
600 10 - SUBJECT ADDED ENTRY--PERSONAL NAME
Personal name Greene, Bob.
650 #0 - SUBJECT ADDED ENTRY--TOPICAL TERM
Topical term or geographic name entry element Journalists
Geographic subdivision United States
General subdivision Biography.
650 #0 - SUBJECT ADDED ENTRY--TOPICAL TERM
Topical term or geographic name entry element High school students
Geographic subdivision United States
General subdivision Biography.
906 ## - LOCAL DATA ELEMENT F, LDF (RLIN)
a 7
b cbc
c orignew
d 1
e ocip
f 19
g y-gencatlg
942 ## - ADDED ENTRY ELEMENTS (KOHA)
Source of classification or shelving scheme Library of Congress Classification
Koha item type Books
Holdings
Withdrawn status Lost status Source of classification or shelving scheme Damaged status Not for loan Home library Current library Shelving location Date acquired Total checkouts Full call number Barcode Date last seen Price effective from Koha item type
    Library of Congress Classification     Main Library Main Library   02/27/2025   PN 4874 .G679 A3 1987 PIU0006748 02/27/2025 02/27/2025 Books